000 00627nam a2200229Ia 4500
001 13493
003 GE_BSU
008 181216s||||||||xx |||||||||||||| ||und||
020 _a0130812943
040 _cGE_BSU
080 _a004.2
100 _aStalling,William
245 _aComputer Organization and Architecture
260 _aLondon
260 _bChampan and Hall
260 _c2000
300 _a748p.ill.24cm.
653 _aComputer Organization and Architecture
653 _aინფორმატიკა
653 _aსაინფორმაციო ტექნოლოგიები
942 _cBK
999 _c46652
_d46652